MARC

LEADER 00000nam0a2200000 4500
001 263367
005 20231101233730.0
035 |a (RuTPU)RU\TPU\book\286352 
090 |a 263367 
100 |a 20140607d1987 k y0rusy50 ca 
101 0 |a rus 
102 |a RU 
105 |a a z 001zy 
200 1 |a Печорский нефтегазоносный бассейн (литология, гидрогеология, нефтегазоносность)  |e сборник трудов  |f Академия наук СССР (АН СССР), Коми филиал, Институт геологии (ИГ) 
210 |a Сыктывкар  |c Изд-во Коми фил-л АН СССР  |d 1987 
215 |a 100 с.  |c ил. 
225 1 |a Труды института геологии  |v Вып. 61 
320 |a Библиография в конце статей 
606 1 |a Нефтегазовые месторождения  |x Геология  |2 stltpush  |3 (RuTPU)RU\TPU\subj\68603  |9 83810 
610 1 |a терригенные породы 
610 1 |a емкостно-фильтрационные свойства 
610 1 |a карбонатные резервуары 
610 1 |a нефтегазоносность 
610 1 |a гидрогеологические данные 
610 1 |a количественный прогноз 
610 1 |a перспективы 
610 1 |a поиски 
610 1 |a разведка 
610 1 |a нефтяные залежи 
610 1 |a седиментационные бассейны 
610 1 |a эволюция 
610 1 |a Север СССР 
610 1 |a Европейский Север 
675 |a 553.98(470)  |v 3 
712 0 2 |a Академия наук СССР (АН СССР)  |b Коми филиал  |b Институт геологии (ИГ)  |c (Сыктывкар)  |c (1958-1987)  |2 stltpush  |3 (RuTPU)RU\TPU\col\11375 
801 1 |a RU  |b 63413507  |c 20140607 
801 2 |a RU  |b 63413507  |c 20150407  |g RCR 
942 |c BK